| 000 | 00377 a2200157 4500 | ||
|---|---|---|---|
| 003 | Nust | ||
| 005 | 20170207153550.0 | ||
| 040 | _cNust | ||
| 082 | _a005.1 | ||
| 100 | _aRehman, Daudur MSCS | ||
| 245 |
_aComputeruzation of GHQ mail handling system _cDaudur Rehman, MSCS |
||
| 260 |
_bMCS _cDecember 1999 |
||
| 300 | _aviii, 76 p | ||
| 538 | _aT1 and Shelf No 5 | ||
| 650 | _aMSCS Thesis | ||
| 942 | _cTHS | ||
| 999 |
_c188837 _d188837 |
||